000 00295nam a2200133Ia 4500
008 240625s9999 xx 000 0 und d
041 _aeng
082 _a519.5 VEA
100 _aDE VEAUX
245 _aVIDEO LECTURES ON DVD FOR INTRO STATS
260 _c2009
365 _c
_b27.5
440 _v2
999 _c35233
_d35233